K otázkam analýzy a prognózovania v oblasti platených služieb

Gespeichert in:
Bibliographische Detailangaben
1. Verfasser: Michalová, Valéria
Format: Buchkapitel
Sprache:Slowakisch
Tags: Tag hinzufügen
Keine Tags, Fügen Sie das erste Tag hinzu!

MARC

LEADER 00000naa$a2200000$$$4500
001 0091515
005 20240618120831.1
041 0 |a slo 
044 |a CZ 
245 1 0 |a K otázkam analýzy a prognózovania v oblasti platených služieb  |c Valéria Michalová 
100 1 |a Michalová, Valéria